| 000 | 00518cam a22001457a 4500 | ||
|---|---|---|---|
| 008 | 180718b1967 xxu||||| |||| 00| 0 eng d | ||
| 082 | _aBA27x54 R299 | ||
| 100 | _aIndia. Committee on Tribal Economy in Forest Areas | ||
| 245 |
_aReport of the Committee on Tribal Economy in Forest Areas _cby Department of Social Welfare |
||
| 260 |
_aDelhi _bThe Manager of Publications _c1967 |
||
| 300 | _a189p. | ||
| 500 | _aChairman: Hari Singh | ||
| 700 | _aHari Singh (Chairman) | ||
| 700 | _aIndia. Department of Social Welfare | ||
| 999 |
_c486802 _d486802 |
||